000 01601cam a2200241 4500500
005 20251228092833.0
041 _afre
042 _adc
100 1 0 _aGuidot, Bernard
_eauthor
245 0 0 _a L'originalité littéraire du Moniage Rainouart dans le Roman de Guillaume d'Orange
260 _c2012.
500 _a83
520 _aThe Literary Originality of the Moniage Rainouart in the Roman de Guillaume d’Orange This article attempts to define the literary originality of the Moniage Rainouart in the Roman de Guillaume d’Orange. The prose brings a calmer pace after the strict framework of the decasyllabic meter, which directed the expression of thought. The text is re-imagined, sometimes delicately, sometimes conspicuously : changes in the writing, in the conception of the characters. Shifts in meaning occur, blatant antagonisms are more reconciled, which does not remove the comedic, even satirical. Violent contrasts are toned down, the angular becomes more rounded. The desire to soften, to attenuate, is what best characterizes this re-writing : the result is greater sobriety and added nuance. The romance’s atmosphere is influenced by the period of its creation and the personality of the narrator.
690 _aappearance
690 _aattenuation
690 _abalance
690 _aessence
690 _amoderation
690 _anuance
690 _are-writing
786 0 _nLe Moyen Age | CXVII | 3 | 2012-04-14 | p. 625-649 | 0027-2841
856 4 1 _uhttps://shs.cairn.info/revue-le-moyen-age-2011-3-page-625?lang=fr&redirect-ssocas=7080
999 _c1603688
_d1603688